[Event "Dhaka Saarc op"]
[Site "Dhaka"]
[Date "2019.11.28"]
[Round "4"]
[White "Zia, Tahsin Tajwar"]
[Black "Golam, Sarwar"]
[Result "1/2-1/2"]
[WhiteElo "2080"]
[BlackElo "1844"]
[PlyCount "147"]
[EventDate "2019.11.25"]
[EventType "swiss"]
[EventRounds "9"]
[EventCountry "BAN"]
[SourceTitle "CBM 193 Extra"]
[Source "ChessBase"]
[SourceDate "2020.01.31"]
[SourceVersion "1"]
[SourceVersionDate "2020.01.31"]
[SourceQuality "1"]

1. d4 Nf6 2. Nf3 e6 3. Bf4 d5 4. e3 Bd6 5. Bg3 0-0 6. Nbd2 b6 7. c3 c5 8. Bd3 Ba6 9. Bxa6 Nxa6 10. Qe2 c4 11. e4 Nxe4 12. Nxe4 dxe4 13. Qxe4 Qc7 14. Ng5 g6 15. Qh4 h5 16. Ne4 Be7 17. Nf6+ Bxf6 18. Qxf6 Qd8 19. Qf3 Nc7 20. Bxc7 Qxc7 21. Qe4 Rac8 22. Qe3 Qc6 23. Kf1 b5 24. h4 Qd5 25. Re1 a5 26. Rh3 Kg7 27. Rg3 Kh7 28. Rg5 Qd6 29. Qe4 Kg7 30. Re3 Kh6 31. Reg3 Rg8 32. Qe3 Kh7 33. Qf3 Rg7 34. Qf6 b4 35. Rxh5+ Kg8 36. Rxa5 bxc3 37. bxc3 Qb6 38. Re5 Qb1+ 39. Re1 Qf5 40. Qxf5 gxf5 41. Rxg7+ Kxg7 42. Rb1 Rh8 43. g3 f4 44. Rb4 f3 45. Rxc4 Ra8 46. a4 Kg6 47. Ke1 Kf5 48. Rc5+ Kg4 49. Rc4 Kh3 50. Rb4 Kg2 51. c4 f5 52. c5 Rc8 53. a5 e5 54. a6 exd4 55. a7 Re8+ 56. Kd2 Ra8 57. Ra4 Kxf2 58. c6 Kg2 59. c7 f2 60. Ra1 f1Q 61. Rxf1 Kxf1 62. Kd3 Kf2 63. Kxd4 Kxg3 64. Kc5 f4 65. Kb6 f3 66. Kb7 Rxa7+ 67. Kxa7 f2 68. c8Q f1Q 69. Qh8 Qf7+ 70. Kb6 Kg4 71. Kc6 Qh5 72. Qd4+ Kg3 73. Qg1+ Kxh4 74. Qh2+ 1/2-1/2

[Event "Dhaka Saarc op"]
[Site "Dhaka"]
[Date "2019.11.25"]
[Round "1"]
[White "Golam, Sarwar"]
[Black "Rahman, Md Taibur"]
[Result "0-1"]
[WhiteElo "1844"]
[BlackElo "2196"]
[PlyCount "104"]
[EventDate "2019.11.25"]
[EventType "swiss"]
[EventRounds "9"]
[EventCountry "BAN"]
[SourceTitle "CBM 193 Extra"]
[Source "ChessBase"]
[SourceDate "2020.01.31"]
[SourceVersion "1"]
[SourceVersionDate "2020.01.31"]
[SourceQuality "1"]

1. d4 e6 2. c4 b6 3. e4 Bb7 4. Nc3 Bb4 5. Bd3 f5 6. Qh5+ g6 7. Qe2 Nf6 8. Bg5 h6 9. Bxf6 Qxf6 10. a3 Bxc3+ 11. bxc3 Nc6 12. Nf3 0-0 13. 0-0 d6 14. d5 Ne5 15. Nd4 Nxd3 16. Qxd3 fxe4 17. Qxe4 exd5 18. Qe6+ Qxe6 19. Nxe6 Rf7 20. cxd5 Bxd5 21. Rfe1 Re8 22. Nd4 Rfe7 23. Rxe7 Rxe7 24. f3 a6 25. Kf2 Bc4 26. Re1 Rxe1 27. Kxe1 Kf7 28. Kd2 c5 29. Nc2 b5 30. Ne3 Be6 31. f4 Bf5 32. g4 Be4 33. Nd1 Ke6 34. Ke3 Bc2 35. Nf2 Kd5 36. h4 a5 37. Kd2 Bb1 38. Kc1 Be4 39. Kd2 a4 40. Ke3 Bb1 41. Kd2 h5 42. Kc1 Be4 43. f5 gxf5 44. c4+ bxc4 45. gxh5 Ke5 46. h6 Kf6 47. h5 Bf3 48. Nh3 Bxh5 49. Nf4 Bf7 50. Kd2 Bg8 51. Kc3 Kg5 52. Ne6+ Kxh6 0-1